Applied Sociology for Nurses (Record no. 144095)
[ view plain ]
| 000 -LEADER | |
|---|---|
| fixed length control field | 00372nam a2200145Ia 4500 |
| 008 - FIXED-LENGTH DATA ELEMENTS--GENERAL INFORMATION | |
| fixed length control field | 230314s9999 xx 000 0 und d |
| 020 ## - INTERNATIONAL STANDARD BOOK NUMBER | |
| International Standard Book Number | 978-93-5465-693-4 |
| 041 ## - LANGUAGE CODE | |
| Language code of text/sound track or separate title | eng |
| 082 ## - DEWEY DECIMAL CLASSIFICATION NUMBER | |
| Classification number | SO/301/SRE/DB0942 |
| 100 ## - MAIN ENTRY--PERSONAL NAME | |
| Personal name | Sreevani R. |
| 245 ## - TITLE STATEMENT | |
| Title | Applied Sociology for Nurses |
| 260 ## - PUBLICATION, DISTRIBUTION, ETC. (IMPRINT) | |
| Name of publisher, distributor, etc. | Jaypee Brothers |
| Place of publication, distribution, etc. | New Delhi |
| Date of publication, distribution, etc. | 2022 |
| 300 ## - PHYSICAL DESCRIPTION | |
| Extent | 209p |
| Withdrawn status | Lost status | Source of classification or shelving scheme | Damaged status | Not for loan | Home library | Current library | Date acquired | Cost, normal purchase price | Bill number | Total Checkouts | Total Renewals | Full call number | Barcode | Checked out | Date last seen | Date last checked out | Bill Date | Koha item type | Original Barcode |
|---|---|---|---|---|---|---|---|---|---|---|---|---|---|---|---|---|---|---|---|
| Dewey Decimal Classification | Smt. Bakul Tambat Institute of Nursing Education | Smt. Bakul Tambat Institute of Nursing Education | 25/03/2022 | 495.00 | 54 | 35 | 21 | SO 301 SRE DB0942 | BTIN-DB-942 | 07/04/2026 | 24/03/2026 | 24/03/2026 | 25/03/2022 | Donated Book | DB0942 |